| 000 | 00852nam a2200265Ia 4500 | ||
|---|---|---|---|
| 003 | OSt | ||
| 005 | 20220926010450.0 | ||
| 006 | a|||||r|||| 00| 0 | ||
| 007 | ta | ||
| 008 | 220923b |||||||| |||| 00| 0 eng d | ||
| 020 |
_a9788126553244 _c602.64999999999998 |
||
| 037 |
_bRKBA\09-10\5428, 20/02/2015, RAJKIRAN BOOK AGENCY _cGeneral Book |
||
| 040 |
_aRTL _cRTL _beng |
||
| 041 |
_2eng _aeng |
||
| 082 | _aX:54, N0;Q1/TD | ||
| 100 |
_aSALVATORE Dominick _928318 |
||
| 245 | 0 |
_aInternational economics _b Trade and finance |
|
| 250 | _a11th | ||
| 260 |
_a New Delhi _bWiley India _c2011 |
||
| 300 |
_axxxix, 757p _ccm. |
||
| 500 | _aAppendix: p 405-26 | ||
| 650 | _aCommerce | ||
| 942 |
_hX:54, N0;Q1/TD _cGB _2CC |
||
| 999 |
_c617297 _d617297 |
||